000 00514nam a2200181Ia 4500
999 _c33894
_d33894
003 OSt
005 20200911144141.0
008 190216s9999||||xx |||||||||||||| ||und||
040 _coclc
082 _a621.381078
_bNAV/E
100 _aNavas, K A
_94556
245 0 _aElectronics Lab Manual /
_cK A Navas
250 _a3rd Ed.
260 _bRajath Publications,
_c2004.
_aEranamkulam:
300 _a336p
650 _aElectronics
942 _cBK
_2ddc
_h621.381078
_iNAV/E
_k621.381078
_mNAV/E